000 00671nam a2200229Ia 4500
003 OSt
005 20220918191109.0
006 a|||||r|||| 00| 0
007 ta
008 220917b |||||||| |||| 00| 0 eng d
024 _a61,452
037 _cTextual
040 _aARTS
_cARTS
_beng
041 _2eng
_aeng
082 _aQ6:21:(Z), L7
100 _aRobrets Robert
_974911
245 0 _aSocial laws of the Qoran
_b considered and compared with those of the hebrew and othre ancient codes
260 _aNew Delhi
_bKitab Bhawan India
_c1977
650 _aRELIGION
942 _hQ6:21:(Z), L7
_cTEXL
_2CC
999 _c188304
_d188304